Dolor abdominal. (Registro nro. 2427)

Detalles MARC
000 -LEADER
fixed length control field 01555nam a2200397 a 4500
008 - CAMPO DE CONTROL (LIBRO)
fixed length control field 110706t1995 ag al. f |||| 001 0 spa d
020 ## - INTERNATIONAL STANDARD BOOK NUMBER
ISBN 9500615177
041 ## - CODIGO DE IDIOMA
Código de idioma del texto/pista de sonido o título separado spa
092 ## - SIGNATURA TOPOGRAFICA DEWEY LOCAL
número de clasificación 616.3
libristica 58
sección NYH
100 1# - ENTRADA PRINCIPAL--NOMBRE PERSONAL
Nombre personal Nyhus, Lloyd M.
9 (RLIN) 3254
245 ## - TITULO PROPIAMENTE DICHO
Título Dolor abdominal.
Subtítulo y Título paralelo Guía para el diagnóstico rápido /
Mención de responsabilidad y remanente de la transcripción de la portada Lloyd M. Nyhus
250 ## - MENCION DE EDICION
Mención de edición 1a ed.
Mención de responsabilidad relacionada con la ed. Traducción Nora G. Meeroff
260 ## - PIE DE IMPRENTA
Lugar de publicación, distribución, etc Buenos Aires:
Nombre de la editorial, distribuidor, etc Editorial Médica Panamericana;
Fecha de publicación 1994.
300 ## - DESCRIPCION FISICA
Extension 270 p.
500 ## - NOTA GENERAL
Nota general Nyhus, L. M., Vitello, J. M. y Condon, R. E. (Col.). (1994). Dolor abdominal. Guía para el diagnóstico rápido. (1a ed.). Buenos Aires : Editorial Médica Panamericana.
653 ## - TÉRMINO INDIZADO - PALABRAS CLAVES
Palabra clave Síntomas y su significado
653 ## - TÉRMINO INDIZADO - PALABRAS CLAVES
Palabra clave Examen físico del abdomen
653 ## - TÉRMINO INDIZADO - PALABRAS CLAVES
Palabra clave Laparoscopia como auxiliar del diagnóstico
653 ## - TÉRMINO INDIZADO - PALABRAS CLAVES
Palabra clave Investigaciones auxiliares de urgencia
653 ## - TÉRMINO INDIZADO - PALABRAS CLAVES
Palabra clave Apendicitis
653 ## - TÉRMINO INDIZADO - PALABRAS CLAVES
Palabra clave Patología de la vía biliar
653 ## - TÉRMINO INDIZADO - PALABRAS CLAVES
Palabra clave Pancreatitis
653 ## - TÉRMINO INDIZADO - PALABRAS CLAVES
Palabra clave Diverticulitis
653 ## - TÉRMINO INDIZADO - PALABRAS CLAVES
Palabra clave Víscera perforada
653 ## - TÉRMINO INDIZADO - PALABRAS CLAVES
Palabra clave Obstrucción intestinal
653 ## - TÉRMINO INDIZADO - PALABRAS CLAVES
Palabra clave Isquemia mesentérica
653 ## - TÉRMINO INDIZADO - PALABRAS CLAVES
Palabra clave Evaluación de los traumatismos abdominales
653 ## - TÉRMINO INDIZADO - PALABRAS CLAVES
Palabra clave Dolor abdominal en el niño
653 ## - TÉRMINO INDIZADO - PALABRAS CLAVES
Palabra clave Dolor pelviano agudo en la mujer
653 ## - TÉRMINO INDIZADO - PALABRAS CLAVES
Palabra clave Dolor abdominal en el paciente inmunocomprometido
653 ## - TÉRMINO INDIZADO - PALABRAS CLAVES
Palabra clave Causas no quirúrgicas de dolor abdominal
653 ## - TÉRMINO INDIZADO - PALABRAS CLAVES
Palabra clave Manejo clínico del dolor abdominal cuando el diagnóstico es dudoso
700 1# - ENTRADAS SECUNDARIAS - NOMBRE PERSONAL
Nombre personal Vitello, Joseph M.
9 (RLIN) 3255
700 1# - ENTRADAS SECUNDARIAS - NOMBRE PERSONAL
Nombre personal Condon, Robert E.
9 (RLIN) 3256
942 ## - ADDED ENTRY ELEMENTS (KOHA)
Source of classification or shelving scheme Dewey Decimal Classification
Item type Libros
Existencias
Estado de retiro Existencia Fuente de clasificación Estado general No para prestamo Ubicación permanente ubicación actual Sala de ubicación Fecha de adquisición Fuente de adquisición Total Checkouts Número de clasificación Código de barras Date last seen Número de ejemplar Price effective from Koha tipo de elemento (item) Public note
    Dewey Decimal Classification     Biblioteca Medicina Biblioteca Medicina Circulación 07/08/2017 Donación Agosto 2017   616.3 58 NYH 3881 07/08/2017 Ej.1 07/08/2017 Libros Donación Agosto 2017
    Dewey Decimal Classification     Biblioteca Medicina Biblioteca Medicina Circulación 12/03/2019 Donación Franco Rueda, marzo 2019   616.3 58 NYH 4412 12/03/2019 Ej.2 12/03/2019 Libros Donación Franco Rueda, marzo 2019

UNIVERSIDAD NACIONAL DEL COMAHUE
Biblioteca de la Facultad de Ciencias Médicas
Sede Toschi: Los Arrayanes y Av. Toschi, Cipolletti  - Rio Negro
Sede Los Tordos:  Yrigoyen al 2211, Cipolletti - Rio Negro 

Teléfono: 0299 - 4774707 int 25
Contacto: biblioteca@facimed.uncoma.edu.ar
© 2011 - 2026